Tenniste numero 1 al mondo - Morte Improvvisa - Statistics

Statistiche generali
  • Questo quiz è stato fatto 142 volte
  • Il punteggio medio è 7 su 20
Answers on the Grid
Answers color-coded by a green-red scale on the quiz's grid according to % correct below.
A. Ivanovic
N. Osaka
C. Martinez
S. Williams
A. Mauresmo
G. Sabatini
M. Andreeva
J. Novotna
A. Sabalenka
M. Pierce
K. Pliskova
E. Dementieva
J. Henin
C. Wozniacki
G. Muguruza
S. Kuznetsova
A. Kerber
M. Hingis
Li Na
H. Mandlikova
M. Sharapova
A. Barty
E. Rybakina
I. Światek
M. Seles
L. Davenport
J. Jankovic
D. Safina
P. Kvitova
A. Sanchez Vicario
T. Austin
V. Wade
 
Statistiche sulle risposte
Risposta % Corretto
S. Williams
85%
A. Sabalenka
73%
M. Sharapova
71%
N. Osaka
57%
I. Światek
55%
C. Wozniacki
44%
A. Ivanovic
39%
M. Seles
35%
A. Kerber
32%
A. Barty
31%
J. Henin
28%
M. Hingis
28%
A. Mauresmo
24%
G. Muguruza
21%
L. Davenport
20%
J. Jankovic
19%
A. Sanchez Vicario
15%
D. Safina
15%
K. Pliskova
15%
T. Austin
11%
Nessun quiz corrispondente trovato
Distribuzione punteggi
Percentuale di utenti per punteggio
Percentile per numero di risposta
I tuoi punteggi nel tempo
Non hai fatto questo quiz